00342nam a2200133Ia 4500008004100000020001500041041001200056082001100068100001400079245006500093260003500158300000800193650000700201221030s9999 xx 000 0 und d a8131711453 aEnglish a105.23 aS. Keshav 3aAn Engineering Approach to Computer Networkingcby S. Keshav bPearson EdcuationaDelhic2009 a642 aIT